| 000 | 00769cad a22001815a 4500 | ||
|---|---|---|---|
| 001 | E151975 | ||
| 008 | 110117n xxk f 000 0 eng d | ||
| 035 | _a(Sirsi) u151975 | ||
| 041 | 0 | _aeng | |
| 110 | 2 |
_aChartered Institute of Building _92134 |
|
| 245 | 0 | 0 |
_aLeadership in the construction industry _h[electronic resource] |
| 260 |
_aAscot _bCIOB _c[2008] |
||
| 520 | _aPresents the results of research into leadership in the construction industry, particularly with regard to sustainability. | ||
| 651 | 4 |
_aUnited Kingdom _y |
|
| 690 | _aMANAGEMENT-BUSINESS MANAGEMENT | ||
| 856 | 4 | 0 |
_uhttps://www.ciob.org.uk/sites/ciob.org.uk/files/Leadership%20in%20the%20Construction%20Industry%202008.pdf _zView the survey free of charge (PDF file) at www.ciob.org.uk |
| 942 | _n0 | ||
| 999 |
_c111771 _d111771 |
||